Statistics for The "And"- Quiz

Click here to take the quiz!

General Stats

  • This quiz has been taken 49 times
  • The average score is 21 of 28

Answer Stats

Answer % Correct
Beauty and the {Beast}
100%
The {Fast} and the Furious
100%
Romeo and {Juliet}
100%
Adam and {Eve}
97%
Trinidad and {Tobago}
95%
Bonnie and {Clyde}
95%
Four Weddings and a {Funeral}
92%
Pride and {Prejudice}
92%
{Homer} and Marge
92%
{Simon} and Garfunkel
92%
{Fish} and Chips
90%
Laurel and {Hardy}
82%
Rhythm and {Blues}
82%
{Ben} and Jerry's
79%
{Dolce} and Gabbana
79%
Romulus and {Remus}
77%
{St}. {Kitts} and Nevis
77%
Bosnia and {Herzegovina}
74%
{Butch} {Cassidy} and the Sundance Kid
72%
{Parks} and Recreation
67%
Phineas and {Ferb}
64%
{William} and Kate
62%
Sodom and {Gomorrah}
62%
Lewis and {Clark}
56%
Cheech and {Chong}
54%
{Newfoundland} and Labrador
49%
{Wallis} and Futuna
23%
{Akrotiri} and Dhekelia
13%

Score Distribution

Percentile by Number Answered

Percent of People with Each Score

Your Score History

You have not taken this quiz